000 00322nam a2200133Ia 4500
005 20260328104345.0
008 260328s9999||||xx |||||||||||||| ||und||
100 _aColomina, Beatriz
245 0 _aRadical Pedagogies /
_cBeatriz Colomina
260 _bMIT Press
300 _a415 p.
650 _aEDUCACIÓN
942 _cBK
999 _c12272
_d12272